De quel endroit cette héroine Disney vient-elle ? - Statistiques

Statistiques générales
  • Ce quiz a été pris 49 fois
  • Le résultat moyen est 20 sur 29
Statistiques - réponses
Par images Hint Réponse % Correct
Wendy Royaume-Uni
97%
Duchesse France
95%
Mulan Chine
92%
Belle France
92%
Esmeralda France
92%
Mary Poppins Royaume-Uni
90%
Cendrillon France
87%
Megara Grèce
85%
Alice Royaume-Uni
85%
Aurore France
82%
Blanche-Neige Allemagne
79%
Riley Etats-Unis
77%
Imelda Mexique
77%
Tiana Etats-Unis
74%
Jasmine Moyen-Orient
74%
Anna et Elsa Norvège
72%
Merida Ecosse
69%
Lilo Hawaii
69%
Lady Etats-Unis
67%
Shanti Inde
64%
Maggie Etats-Unis
59%
Mirabel Colombie
54%
Jane Royaume-Uni
51%
Mitaine Etats-Unis
49%
Kiara Kenya
49%
Vaiana Polynésie française
31%
Mei Canada
23%
Pocahontas Amérique du Nord
10%
Bianca Hongrie
8%
Aucun quiz correspondant
Distribution des résultats
% des personnes avec chaque résultat
Percentile par nombre de réponses
Votre historique - résultats
Vous n’avez pas pris ce quiz